Ley Federal Electoral /

Gardado en:
Detalles Bibliográficos
Autor Corporativo: México
Formato: Libro
Idioma:Lingua castelá
Temas:
Etiquetas: Engadir etiqueta
Sen Etiquetas, Sexa o primeiro en etiquetar este rexistro!

MARC

LEADER 00000nam^a2200000^a^4500
001 000273806
005 20250521000000.0
009 20260310111141.533
037 |a Acervo ITESO - Biblioteca 
041 |a ESP 
082 |a 342. 7207  |b MEX 1973 
110 |a México 
240 1 1 |a [Ley Electoral] 
245 0 0 |a Ley Federal Electoral / 
264 |a México :  |b Comisión Federal Electoral,  |c 1973 
300 |a 191 p. 
336 |a texto  |b txt  |2 rdacontenido 
337 |a sin mediación  |b n  |2 rdamedio 
338 |a volumen  |b nc  |2 rdasoporte 
649 |a XX 
650 |a Derecho Electoral -  |z México -  |x Leyes y Reglamentos -  |x Tema Principal 
650 |a Derecho Político -  |z México -  |x Leyes y Reglamentos 
650 |a Derecho Público -  |z México -  |x Leyes y Reglamentos 
910 |a Fondo General 
920 |a Impresos - Libros 
930 |a Colección General 
905 |a 101 
901 |a 0500159825  |b IT1  |c ACC  |u 20250521 
902 |a https://opac.biblio.iteso.mx/vufind/Record/000273806